[Event "GBR-ch 108th"]
[Site "Torquay"]
[Date "2022.08.17"]
[Round "5.21"]
[White "Bradbury, Neil H"]
[Black "Finn, Peter"]
[Result "1-0"]
[WhiteElo "2211"]
[BlackElo "2033"]
[PlyCount "93"]
[EventDate "2022.08.13"]
[EventType "swiss"]
[EventRounds "9"]
[EventCountry "GBR"]
[SourceTitle "BritBase"]
[Source "John Saunders"]
[SourceDate "2022.08.22"]
[SourceVersion "1"]
[SourceVersionDate "2022.08.22"]
[SourceQuality "2"]

1. d4 d5 2. c4 c6 3. e3 Nf6 4. Nc3 e6 5. Nf3 Nbd7 6. Qc2 Bd6 7. Bd2 O-O 8. Bd3
dxc4 9. Bxc4 b5 10. Bd3 Bb7 11. Ng5 h6 12. h4 b4 13. Nce4 Nxe4 14. Nxe4 Be7 15.
O-O-O Qa5 16. Kb1 c5 17. dxc5 Nxc5 18. Nxc5 Bxc5 19. Be4 Bxe4 20. Qxe4 Rad8 21.
Bc1 b3 22. axb3 Rb8 23. Rd3 Rb5 24. Bd2 Qb6 25. Rc1 Rb8 26. Qc4 Qb7 27. f3 Bb4
28. Bc3 a5 29. Rcd1 Rc5 30. Rd8+ Kh7 31. Qd3+ f5 32. Bxg7 Rxd8 33. Qxd8 Rc8 34.
Rd7 Rxd8 35. Rxb7 Rd1+ 36. Ka2 Kg6 37. Be5 h5 38. Rb6 Kf7 39. Rb7+ Ke8 40. Rh7
Rg1 41. Rxh5 Rxg2 42. Rh8+ Kf7 43. h5 Re2 44. Rh7+ Ke8 45. h6 Bf8 46. Rh8 Kf7
47. Rxf8+ 1-0

[Event "GBR-ch 108th"]
[Site "Torquay"]
[Date "2022.08.17"]
[Round "5.22"]
[White "Pollack, Oscar"]
[Black "Storey, Charles H"]
[Result "0-1"]
[WhiteElo "2020"]
[BlackElo "2167"]
[PlyCount "84"]
[EventDate "2022.08.13"]
[EventType "swiss"]
[EventRounds "9"]
[EventCountry "GBR"]
[SourceTitle "BritBase"]
[Source "John Saunders"]
[SourceDate "2022.08.22"]
[SourceVersion "1"]
[SourceVersionDate "2022.08.22"]
[SourceQuality "2"]

1. d4 Nf6 2. Nf3 g6 3. c4 Bg7 4. Nc3 d6 5. e4 O-O 6. Be2 e5 7. Be3 exd4 8. Nxd4
Re8 9. Qc2 Ng4 10. Bxg4 Bxg4 11. f3 Bd7 12. O-O-O a6 13. Nb3 Nc6 14. Nd5 a5 15.
a3 a4 16. Nd4 Na5 17. Ne2 b5 18. c5 Nc4 19. Bd4 Bxd4 20. Rxd4 c6 21. Nb6 dxc5
22. Rxc4 Qxb6 23. Rxc5 b4 24. Rd1 bxa3 25. bxa3 Be6 26. Rd4 Bb3 27. Qc3 Qc7 28.
g3 Qe7 29. Nf4 Rab8 30. Nd3 Be6 31. Nb4 Bd7 32. f4 Red8 33. Re5 Qf8 34. Qd3 c5
35. Rxd7 cxb4 36. Rxd8 Rxd8 37. Rd5 Rc8+ 38. Kb1 bxa3 39. Rd6 Qe7 40. Ka2 Rb8
41. e5 Qc7 42. Rd7 Qb6 0-1

[Event "GBR-ch 108th"]
[Site "Torquay"]
[Date "2022.08.17"]
[Round "5.23"]
[White "Brewer, Callum D"]
[Black "Modi, Shyam Jagdish"]
[Result "1/2-1/2"]
[WhiteElo "2159"]
[BlackElo "2148"]
[PlyCount "64"]
[EventDate "2022.08.13"]
[EventType "swiss"]
[EventRounds "9"]
[EventCountry "GBR"]
[SourceTitle "BritBase"]
[Source "John Saunders"]
[SourceDate "2022.08.22"]
[SourceVersion "1"]
[SourceVersionDate "2022.08.22"]
[SourceQuality "2"]

1. e4 c5 2. Nf3 e6 3. c3 Nf6 4. e5 Nd5 5. d4 cxd4 6. cxd4 d6 7. Bc4 Be7 8. O-O
O-O 9. Re1 b6 10. Nc3 Nxc3 11. bxc3 Qc7 12. Bd3 Bb7 13. exd6 Qxd6 14. Ne5 Nd7
15. Bf4 Nxe5 16. Bxe5 Qd8 17. Qh5 g6 18. Qh6 Bf6 19. Re3 Bxe5 20. dxe5 f5 21.
Bc4 Re8 22. Rd3 Qc7 23. Rad1 Bc6 24. Rd6 Bd5 25. R1xd5 exd5 26. Bxd5+ Kh8 27.
f4 Qc5+ 28. Kf1 Qb5+ 29. Kg1 Qb1+ 30. Kf2 Qb2+ 31. Kg3 Qxc3+ 32. Kh4 Qc7
1/2-1/2

[Event "GBR-ch 108th"]
[Site "Torquay"]
[Date "2022.08.17"]
[Round "5.24"]
[White "Ashworth, Michael"]
[Black "Forster, Matthew"]
[Result "0-1"]
[WhiteElo "2039"]
[BlackElo "2058"]
[PlyCount "50"]
[EventDate "2022.08.13"]
[EventType "swiss"]
[EventRounds "9"]
[EventCountry "GBR"]
[SourceTitle "BritBase"]
[Source "John Saunders"]
[SourceDate "2022.08.22"]
[SourceVersion "1"]
[SourceVersionDate "2022.08.22"]
[SourceQuality "2"]

1. Nf3 d5 2. b3 c5 3. Bb2 Nf6 4. g3 Nc6 5. Bg2 Bf5 6. O-O Qd7 7. Re1 Bh3 8. Bh1
h5 9. d4 h4 10. Nc3 hxg3 11. hxg3 cxd4 12. Nb5 e5 13. e3 Bg4 14. exd4 e4 15.
Qd2 Rxh1+ 16. Kxh1 Bxf3+ 17. Kh2 O-O-O 18. Qf4 Be7 19. g4 Rh8+ 20. Kg3 a6 21.
Ba3 axb5 22. Bc5 g5 23. Qf5 Qxf5 24. gxf5 Nh5+ 25. Kh2 Nf4+ 0-1

[Event "GBR-ch 108th"]
[Site "Torquay"]
[Date "2022.08.17"]
[Round "5.25"]
[White "Mulay, Partha"]
[Black "Lentzos, Ioanis"]
[Result "0-1"]
[WhiteElo "1822"]
[BlackElo "2097"]
[PlyCount "66"]
[EventDate "2022.08.13"]
[EventType "swiss"]
[EventRounds "9"]
[EventCountry "GBR"]
[SourceTitle "BritBase"]
[Source "John Saunders"]
[SourceDate "2022.08.22"]
[SourceVersion "1"]
[SourceVersionDate "2022.08.22"]
[SourceQuality "2"]

1. d4 Nf6 2. Nc3 d5 3. Bg5 Bf5 4. Bxf6 gxf6 5. e3 e6 6. Bd3 Bxd3 7. Qxd3 c5 8.
Nge2 Nc6 9. dxc5 Bxc5 10. O-O-O Qa5 11. Nd4 Ne5 12. Qe2 Bxd4 13. exd4 Nc4 14.
Rd3 Rc8 15. Qf3 f5 16. a3 Qb6 17. Nd1 Qd6 18. Re1 Kd8 19. g4 f4 20. Nc3 Qb6 21.
Nd1 Qc7 22. Nc3 a6 23. Nxd5 exd5 24. Qxd5+ Qd6 25. Qxf7 Rc7 26. Qh5 Rf8 27. d5
Qb6 28. Qh4+ Qf6 29. Qxf6+ Rxf6 30. b3 Nxa3 31. d6 Rxc2+ 32. Kd1 Rc6 33. d7
Rcd6 0-1

[Event "GBR-ch 108th"]
[Site "Torquay"]
[Date "2022.08.17"]
[Round "5.26"]
[White "Jackson, Sheila"]
[Black "Ethelontis, Alexandros N"]
[Result "1-0"]
[WhiteElo "2070"]
[BlackElo "2055"]
[PlyCount "85"]
[EventDate "2022.08.13"]
[EventType "swiss"]
[EventRounds "9"]
[EventCountry "GBR"]
[SourceTitle "BritBase"]
[Source "John Saunders"]
[SourceDate "2022.08.22"]
[SourceVersion "1"]
[SourceVersionDate "2022.08.22"]
[SourceQuality "2"]

1. e4 d6 2. d4 Nf6 3. Nc3 g6 4. f4 Bg7 5. Nf3 O-O 6. Be2 c5 7. dxc5 Qa5 8. O-O
Qxc5+ 9. Kh1 Ng4 10. Nd5 Nc6 11. c3 a5 12. Nd4 Nf6 13. Nb3 Qa7 14. Be3 b6 15.
Nxb6 a4 16. Nd2 Be6 17. Nxa8 Qxe3 18. Nc7 a3 19. bxa3 Nxe4 20. Nxe4 Qxe4 21.
Bf3 Qc4 22. Nxe6 fxe6 23. Qb3 Na5 24. Qxc4 Nxc4 25. Bg4 Rf6 26. Rae1 Kf7 27. a4
h5 28. Bh3 d5 29. g3 Nd2 30. Rf2 Ne4 31. Rc2 h4 32. Bg2 Nc5 33. a5 hxg3 34.
hxg3 Rf5 35. Bf3 g5 36. Bg4 Rf6 37. fxg5 Rf5 38. Bxf5 exf5 39. Rb1 Be5 40. Kg2
Bd6 41. Rb6 Na4 42. Rxd6 exd6 43. a6 1-0

[Event "GBR-ch 108th"]
[Site "Torquay"]
[Date "2022.08.17"]
[Round "5.27"]
[White "Burrows, Martin P"]
[Black "Rathbone-Jones, Ifan"]
[Result "1-0"]
[WhiteElo "2064"]
[BlackElo "2006"]
[PlyCount "139"]
[EventDate "2022.08.13"]
[EventType "swiss"]
[EventRounds "9"]
[EventCountry "GBR"]
[SourceTitle "BritBase"]
[Source "John Saunders"]
[SourceDate "2022.08.22"]
[SourceVersion "1"]
[SourceVersionDate "2022.08.22"]
[SourceQuality "2"]

1. e4 d6 2. d4 Nf6 3. Nc3 g6 4. Be3 a6 5. h3 Nbd7 6. Nf3 e5 7. Bc4 b5 8. dxe5
bxc4 9. exf6 Nxf6 10. e5 dxe5 11. Qxd8+ Kxd8 12. O-O-O+ Ke8 13. Nxe5 Be6 14.
Rhe1 Bg7 15. Bc5 Rd8 16. Nxc4 Rxd1+ 17. Kxd1 Nd7 18. Bb4 Kd8 19. Ne3 Nb8 20.
Na4 Kc8 21. Bc3 Rd8+ 22. Kc1 Bh6 23. b3 Bd5 24. g3 Nd7 25. Kb1 Bc6 26. Nb2 Nc5
27. Ng4 Bf8 28. Nf6 Bg7 29. Nd1 Rd6 30. Bb4 Rxf6 31. Bxc5 Rf5 32. Be3 Bf3 33.
Nb2 Bc3 34. Rg1 Rd5 35. Nd3 g5 36. Kc1 h6 37. h4 f6 38. Nc5 Bd2+ 39. Bxd2 Rxc5
40. Re1 Kd7 41. Re3 Rf5 42. c4 h5 43. Rd3+ Kc6 44. Be3 gxh4 45. gxh4 Re5 46.
Rd8 Re4 47. Rf8 Bg2 48. Rxf6+ Kb7 49. Rf4 Kc6 50. Kd2 Kd7 51. Rxe4 Bxe4 52. Kc3
Ke6 53. Bf4 c5 54. Be3 Kd6 55. Bh6 Bh7 56. Bg5 Bf5 57. a3 Kc6 58. b4 a5 59. b5+
Kd7 60. Kb3 Bd3 61. Ka4 Bxc4 62. Kxa5 Bd5 63. Kb6 c4 64. Bd2 Kd6 65. Bc3 Bf3
66. a4 Kd5 67. a5 Ke4 68. Kc5 Kd3 69. Kb4 Bd5 70. a6 1-0

[Event "GBR-ch 108th"]
[Site "Torquay"]
[Date "2022.08.17"]
[Round "5.28"]
[White "Horton, Justin"]
[Black "Salmons, Calum"]
[Result "0-1"]
[WhiteElo "2058"]
[BlackElo "1944"]
[PlyCount "42"]
[EventDate "2022.08.13"]
[EventType "swiss"]
[EventRounds "9"]
[EventCountry "GBR"]
[SourceTitle "BritBase"]
[Source "John Saunders"]
[SourceDate "2022.08.22"]
[SourceVersion "1"]
[SourceVersionDate "2022.08.22"]
[SourceQuality "2"]

1. d4 d5 2. c4 c6 3. Nf3 Nf6 4. Nc3 e6 5. e3 Nbd7 6. Bd3 dxc4 7. Bxc4 b5 8. Bd3
a6 9. e4 c5 10. d5 c4 11. dxe6 fxe6 12. Bc2 Qc7 13. O-O Bb7 14. Nd4 Nc5 15. e5
Nd5 16. Nxe6 Nxe6 17. Nxd5 Qxe5 18. Nf4 Bb4 19. Qg4 Nd4 20. Ng6 hxg6 21. Bxg6+
Kf8 0-1

[Event "GBR-ch 108th"]
[Site "Torquay"]
[Date "2022.08.17"]
[Round "5.29"]
[White "Okhai, Shabir"]
[Black "Waddington, Michael P"]
[Result "1-0"]
[WhiteElo "2137"]
[BlackElo "2066"]
[PlyCount "81"]
[EventDate "2022.08.13"]
[EventType "swiss"]
[EventRounds "9"]
[EventCountry "GBR"]
[SourceTitle "BritBase"]
[Source "John Saunders"]
[SourceDate "2022.08.22"]
[SourceVersion "1"]
[SourceVersionDate "2022.08.22"]
[SourceQuality "2"]

1. e4 c5 2. Nf3 Nc6 3. Bb5 g6 4. O-O Bg7 5. c3 Nf6 6. Re1 O-O 7. d4 d5 8. e5
Ne4 9. Bxc6 bxc6 10. Be3 c4 11. Nbd2 Bf5 12. Nxe4 Bxe4 13. Nd2 Bd3 14. b3 Qa5
15. Qc1 Rab8 16. h4 f6 17. Bf4 Rb7 18. exf6 Bxf6 19. Nf3 c5 20. Be5 Be4 21. Ng5
Bf5 22. Qe3 cxd4 23. Bxd4 Qa6 24. b4 Rd8 25. a4 Bxd4 26. Qxd4 Qf6 27. Re5 Rd6
28. Rae1 h6 29. Nf3 Be4 30. Nd2 Bd3 31. R1e3 Kh7 32. h5 g5 33. Nb3 Bc2 34. Nc5
Rc7 35. a5 Kg8 36. Rf3 Qg7 37. Ne6 Rxe6 38. Qxd5 Rcc6 39. Rxe6 Rxe6 40. Qxe6+
Kh8 41. Rf7 1-0

[Event "GBR-ch 108th"]
[Site "Torquay"]
[Date "2022.08.18"]
[Round "6.1"]
[White "Wadsworth, Matthew J"]
[Black "Arkell, Keith C"]
[Result "1/2-1/2"]
[WhiteElo "2418"]
[BlackElo "2409"]
[PlyCount "107"]
[EventDate "2022.08.13"]
[EventType "swiss"]
[EventRounds "9"]
[EventCountry "GBR"]
[SourceTitle "BritBase"]
[Source "John Saunders"]
[SourceDate "2022.08.22"]
[SourceVersion "1"]
[SourceVersionDate "2022.08.22"]
[SourceQuality "2"]

1. Nf3 Nf6 2. g3 d5 3. Bg2 g6 4. b3 Bg7 5. Bb2 c5 6. c4 d4 7. e3 Nc6 8. exd4
Ng4 9. O-O O-O 10. Na3 Nh6 11. Nc2 Nf5 12. Qe2 Re8 13. b4 Nfxd4 14. Nfxd4 Nxd4
15. Bxd4 Bxd4 16. Nxd4 Qxd4 17. bxc5 Qxc5 18. Rab1 Rb8 19. Rb5 Qd4 20. Re5 Be6
21. d3 Bg4 22. Qe3 Qxe3 23. Rxe3 Be6 24. Rb1 b6 25. Kf1 Rbc8 26. Rb3 Red8 27.
Ra3 Rd7 28. Re5 Kg7 29. Ke2 Kf6 30. f4 h6 31. Ke3 g5 32. Be4 gxf4+ 33. gxf4
Rdc7 34. Rh5 Kg7 35. f5 Bd7 36. Rb3 Rh8 37. f6+ Kxf6 38. Rb2 e6 39. Rg2 Bc6 40.
Bxc6 Rxc6 41. a4 Rc5 42. Rxc5 bxc5 43. Rf2+ Ke7 44. Rb2 Rd8 45. Rb5 Kd6 46. Ra5
f5 47. Rxa7 Ke5 48. a5 f4+ 49. Ke2 f3+ 50. Ke3 Rf8 51. Kf2 Rd8 52. Ke3 Rf8 53.
Kf2 Rd8 54. Ke3 1/2-1/2

[Event "GBR-ch 108th"]
[Site "Torquay"]
[Date "2022.08.18"]
[Round "6.2"]
[White "Clarke, Brandon G I"]
[Black "Emms, John M"]
[Result "1/2-1/2"]
[WhiteElo "2474"]
[BlackElo "2474"]
[PlyCount "41"]
[EventDate "2022.08.13"]
[EventType "swiss"]
[EventRounds "9"]
[EventCountry "GBR"]
[SourceTitle "BritBase"]
[Source "John Saunders"]
[SourceDate "2022.08.22"]
[SourceVersion "1"]
[SourceVersionDate "2022.08.22"]
[SourceQuality "2"]

1. e4 c5 2. Nf3 g6 3. d4 cxd4 4. Nxd4 Nc6 5. c4 Nf6 6. Nc3 d6 7. f3 Bg7 8. Be3
O-O 9. Qd2 Nxd4 10. Bxd4 Qa5 11. Be2 Be6 12. Rc1 Rfc8 13. b3 a6 14. Be3 b5 15.
Nd5 Qxd2+ 16. Kxd2 Nxd5 17. cxd5 Bd7 18. Rxc8+ Rxc8 19. Rc1 Rxc1 20. Kxc1 e6
21. dxe6 1/2-1/2

[Event "GBR-ch 108th"]
[Site "Torquay"]
[Date "2022.08.18"]
[Round "6.3"]
[White "Grieve, Harry"]
[Black "Gormally, Daniel W"]
[Result "1-0"]
[WhiteElo "2390"]
[BlackElo "2466"]
[PlyCount "45"]
[EventDate "2022.08.13"]
[EventType "swiss"]
[EventRounds "9"]
[EventCountry "GBR"]
[SourceTitle "BritBase"]
[Source "John Saunders"]
[SourceDate "2022.08.22"]
[SourceVersion "1"]
[SourceVersionDate "2022.08.22"]
[SourceQuality "2"]

1. e4 c5 2. Nf3 d6 3. d4 cxd4 4. Nxd4 Nf6 5. Nc3 Nc6 6. Bg5 e6 7. Qd2 Be7 8.
O-O-O O-O 9. h4 a6 10. Nxc6 bxc6 11. Rh3 d5 12. Rg3 Kh8 13. Be2 Rb8 14. Qe3 Ng8
15. exd5 exd5 16. h5 f6 17. Bf4 Bd6 18. Rxg7 Re8 19. Qg3 Bxf4+ 20. Qxf4 Qb6 21.
h6 Qxb2+ 22. Kd2 Rb4 23. Bd3 1-0

[Event "GBR-ch 108th"]
[Site "Torquay"]
[Date "2022.08.18"]
[Round "6.4"]
[White "Kirk, Ezra"]
[Black "Pert, Richard G"]
[Result "1-0"]
[WhiteElo "2442"]
[BlackElo "2411"]
[PlyCount "83"]
[EventDate "2022.08.13"]
[EventType "swiss"]
[EventRounds "9"]
[EventCountry "GBR"]
[SourceTitle "BritBase"]
[Source "John Saunders"]
[SourceDate "2022.08.22"]
[SourceVersion "1"]
[SourceVersionDate "2022.08.22"]
[SourceQuality "2"]

1. c4 e5 2. Nc3 Nf6 3. Nf3 e4 4. Ng5 c6 5. Ngxe4 Nxe4 6. Nxe4 d5 7. cxd5 cxd5
8. Ng3 h5 9. e3 h4 10. Nh5 Nc6 11. Be2 d4 12. Nf4 Bd6 13. d3 g5 14. Nh5 g4 15.
Nf4 Bxf4 16. exf4 Qd5 17. f3 f5 18. Bd2 h3 19. g3 Be6 20. O-O O-O-O 21. Qb3
Qxb3 22. axb3 gxf3 23. Bxf3 Bd5 24. Kf2 Bxf3 25. Kxf3 Rd5 26. Rfc1 Kd7 27. b4
b6 28. Rc4 Rb5 29. Rg1 Rg8 30. g4 a5 31. g5 axb4 32. Rgc1 Ne7 33. Rxd4+ Nd5 34.
Re1 Kc6 35. Re6+ Kb7 36. Re5 Nc7 37. Rd7 Rxe5 38. fxe5 Kc6 39. Rd6+ Kb7 40. Be3
f4 41. Kxf4 Rf8+ 42. Ke4 1-0

[Event "GBR-ch 108th"]
[Site "Torquay"]
[Date "2022.08.18"]
[Round "6.5"]
[White "Rudd, Jack"]
[Black "Pert, Nicholas"]
[Result "0-1"]
[WhiteElo "2318"]
[BlackElo "2537"]
[PlyCount "108"]
[EventDate "2022.08.13"]
[EventType "swiss"]
[EventRounds "9"]
[EventCountry "GBR"]
[SourceTitle "BritBase"]
[Source "John Saunders"]
[SourceDate "2022.08.22"]
[SourceVersion "1"]
[SourceVersionDate "2022.08.22"]
[SourceQuality "2"]

1. d4 d5 2. c4 e6 3. Nc3 a6 4. Nf3 dxc4 5. e3 b5 6. a4 b4 7. Nb1 Nf6 8. Bxc4
Bb7 9. Nbd2 Nbd7 10. O-O c5 11. Nb3 Bd6 12. Qe2 cxd4 13. Nbxd4 O-O 14. Rd1 Qe7
15. b3 g6 16. Bb2 Ne4 17. Rac1 e5 18. Nc2 Nb6 19. Bd3 Nc5 20. a5 e4 21. Bxe4
Bxe4 22. Nxb4 Nbd7 23. Nd4 Rfc8 24. f3 Bb7 25. e4 Nxb3 26. Nxb3 Bxb4 27. Qd3
Ne5 28. Qd4 f6 29. h3 Rxc1 30. Rxc1 Rd8 31. Qb6 Bd6 32. Nc5 Bc8 33. Nxa6 Bxa6
34. Qxa6 Nd3 35. Qc4+ Kh8 36. Rc2 Nxb2 37. Rxb2 Bc5+ 38. Kf1 Qd6 39. Qd5 Qc7
40. Qe6 Bd4 41. Rd2 Qxa5 42. Ke2 Qb5+ 43. Kd1 Rd7 44. Qe8+ Kg7 45. Qc8 Kf7 46.
Ke1 Ke7 47. Rc2 Qb1+ 48. Rc1 Qb4+ 49. Ke2 Bb6 50. Qc3 Qb5+ 51. Qc4 Qg5 52. Qb4+
Kf7 53. Kf1 Qxc1+ 54. Ke2 Qd1# 0-1

[Event "GBR-ch 108th"]
[Site "Torquay"]
[Date "2022.08.18"]
[Round "6.6"]
[White "Jackson, James P"]
[Black "Eggleston, David J"]
[Result "0-1"]
[WhiteElo "2406"]
[BlackElo "2331"]
[PlyCount "80"]
[EventDate "2022.08.13"]
[EventType "swiss"]
[EventRounds "9"]
[EventCountry "GBR"]
[SourceTitle "BritBase"]
[Source "John Saunders"]
[SourceDate "2022.08.22"]
[SourceVersion "1"]
[SourceVersionDate "2022.08.22"]
[SourceQuality "2"]

1. e4 e6 2. d4 d5 3. e5 c5 4. c3 Nc6 5. Nf3 Qb6 6. Bd3 cxd4 7. O-O Bd7 8. Re1
Nge7 9. h4 a6 10. Nbd2 dxc3 11. bxc3 Qc7 12. Nb3 Nc8 13. a4 Nb6 14. Be3 Nc4 15.
Bxc4 dxc4 16. Nbd2 Ne7 17. a5 Nd5 18. Bd4 Be7 19. Ne4 O-O-O 20. Nd6+ Bxd6 21.
exd6 Qxd6 22. Ne5 Qe7 23. Nxc4 Bb5 24. Ne5 f6 25. Nf3 Bc6 26. Qc1 e5 27. Ba7
Qd7 28. Re4 Nf4 29. Rxf4 exf4 30. Qxf4 Qd6 31. Qg4+ Rd7 32. Nd4 h5 33. Qe2 Qe5
34. Qf1 Bd5 35. Bb6 Re8 36. c4 Bxg2 37. Qxg2 Rxd4 38. Bxd4 Qxd4 39. Qh3+ Kb8
40. Rb1 Re4 0-1

[Event "GBR-ch 108th"]
[Site "Torquay"]
[Date "2022.08.18"]
[Round "6.7"]
[White "Merriman, John"]
[Black "Derakhshani, Borna"]
[Result "1-0"]
[WhiteElo "2297"]
[BlackElo "2374"]
[PlyCount "87"]
[EventDate "2022.08.13"]
[EventType "swiss"]
[EventRounds "9"]
[EventCountry "GBR"]
[SourceTitle "BritBase"]
[Source "John Saunders"]
[SourceDate "2022.08.22"]
[SourceVersion "1"]
[SourceVersionDate "2022.08.22"]
[SourceQuality "2"]

1. d4 Nf6 2. c4 e6 3. Nc3 Bb4 4. e3 O-O 5. Nge2 c6 6. c5 d5 7. cxd6 Qxd6 8. a3
Ba5 9. b4 Bc7 10. g3 e5 11. Bg2 Re8 12. O-O e4 13. Qc2 Bf5 14. Rb1 Nbd7 15. b5
c5 16. Rd1 Rac8 17. a4 cxd4 18. Rxd4 Qe7 19. Bb2 Be5 20. Rdd1 Nb6 21. Rbc1 Qb4
22. Ba1 Bg4 23. Rb1 Qc4 24. Rdc1 Nbd5 25. Qd2 Nxc3 26. Nxc3 Bxc3 27. Bxc3 Qxa4
28. Bf1 Qa3 29. Ra1 Qb3 30. Rxa7 Red8 31. Bd4 Rxc1 32. Qxc1 Rc8 33. Qa1 Bf3 34.
Rxb7 Qc2 35. Bxf6 gxf6 36. Qxf6 Qb3 37. Qg5+ Kf8 38. Qe7+ Kg8 39. Qg5+ Kf8 40.
b6 Qe6 41. Rc7 Rb8 42. Qc5+ Kg7 43. b7 Rd8 44. Qg5+ 1-0

[Event "GBR-ch 108th"]
[Site "Torquay"]
[Date "2022.08.18"]
[Round "6.8"]
[White "Balaji, Aaravamudhan"]
[Black "Davies, Nigel R"]
[Result "1/2-1/2"]
[WhiteElo "2194"]
[BlackElo "2425"]
[PlyCount "57"]
[EventDate "2022.08.13"]
[EventType "swiss"]
[EventRounds "9"]
[EventCountry "GBR"]
[SourceTitle "BritBase"]
[Source "John Saunders"]
[SourceDate "2022.08.22"]
[SourceVersion "1"]
[SourceVersionDate "2022.08.22"]
[SourceQuality "2"]

1. d4 e6 2. c4 Bb4+ 3. Bd2 Bxd2+ 4. Qxd2 Nf6 5. Nc3 d5 6. cxd5 exd5 7. e3 Bf5
8. Bd3 Bxd3 9. Qxd3 c6 10. Nge2 O-O 11. O-O Nbd7 12. Ng3 Rc8 13. f3 c5 14. Rad1
cxd4 15. Qxd4 Nb6 16. Nf5 Rc4 17. Qe5 Re8 18. Qg3 g6 19. Qg5 Rc8 20. e4 Nc4 21.
Rf2 Nxe4 22. Qh6 gxf5 23. fxe4 Qb6 24. Qh4 Ne3 25. Qg5+ Kh8 26. Na4 Qb4 27.
Qf6+ Kg8 28. Qg5+ Kh8 29. Qf6+ 1/2-1/2

[Event "GBR-ch 108th"]
[Site "Torquay"]
[Date "2022.08.18"]
[Round "6.9"]
[White "Wells, Peter K"]
[Black "Turner, Max N"]
[Result "1-0"]
[WhiteElo "2396"]
[BlackElo "2247"]
[PlyCount "55"]
[EventDate "2022.08.13"]
[EventType "swiss"]
[EventRounds "9"]
[EventCountry "GBR"]
[SourceTitle "BritBase"]
[Source "John Saunders"]
[SourceDate "2022.08.22"]
[SourceVersion "1"]
[SourceVersionDate "2022.08.22"]
[SourceQuality "2"]

1. c4 e6 2. g3 d5 3. Bg2 Nf6 4. Nf3 Be7 5. O-O O-O 6. d4 c6 7. Nc3 Nbd7 8. b3
b6 9. Nd2 Bb7 10. e4 a5 11. Re1 Rc8 12. Bb2 Ba8 13. Qe2 dxe4 14. Ndxe4 Qc7 15.
Rad1 Nxe4 16. Nxe4 Rfd8 17. h4 h6 18. Rd3 Nf6 19. d5 Nxe4 20. Bxe4 Bb4 21. dxe6
Rxd3 22. Bxd3 Bxe1 23. e7 Qd7 24. Qe4 f6 25. Bxf6 Qe8 26. Qe6+ Kh8 27. Be5 Bb4
28. Qxh6+ 1-0

[Event "GBR-ch 108th"]
[Site "Torquay"]
[Date "2022.08.18"]
[Round "6.10"]
[White "Kolbus, Dietmar"]
[Black "Willow, Jonah B"]
[Result "1/2-1/2"]
[WhiteElo "2272"]
[BlackElo "2393"]
[PlyCount "58"]
[EventDate "2022.08.13"]
[EventType "swiss"]
[EventRounds "9"]
[EventCountry "GBR"]
[SourceTitle "BritBase"]
[Source "John Saunders"]
[SourceDate "2022.08.22"]
[SourceVersion "1"]
[SourceVersionDate "2022.08.22"]
[SourceQuality "2"]

1. Nf3 d5 2. d4 Nf6 3. c4 dxc4 4. e3 e6 5. Bxc4 a6 6. a4 c5 7. O-O Nc6 8. Nc3
b6 9. Qe2 cxd4 10. Rd1 Be7 11. exd4 Nb4 12. Bg5 Nfd5 13. Bxe7 Qxe7 14. Bxd5
exd5 15. Qe5 f6 16. Qf4 O-O 17. Re1 Qd7 18. Qd2 Qd6 19. Na2 Nxa2 20. Rxa2 Bf5
21. Raa1 Be4 22. Re3 Rac8 23. Ne1 Rc6 24. a5 Rfc8 25. axb6 Rxb6 26. Rea3 Rc4
27. f3 Bg6 28. b3 Rcc6 29. Nd3 Bxd3 1/2-1/2

[Event "GBR-ch 108th"]
[Site "Torquay"]
[Date "2022.08.18"]
[Round "6.11"]
[White "Claridge-Hansen, William"]
[Black "Birtwistle, Nigel"]
[Result "1/2-1/2"]
[WhiteElo "2345"]
[BlackElo "2151"]
[PlyCount "48"]
[EventDate "2022.08.13"]
[EventType "swiss"]
[EventRounds "9"]
[EventCountry "GBR"]
[SourceTitle "BritBase"]
[Source "John Saunders"]
[SourceDate "2022.08.22"]
[SourceVersion "1"]
[SourceVersionDate "2022.08.22"]
[SourceQuality "2"]

1. c4 e5 2. g3 Nf6 3. Bg2 c6 4. Nf3 e4 5. Nd4 Qb6 6. Nb3 a5 7. d3 a4 8. N3d2 d5
9. cxd5 cxd5 10. dxe4 dxe4 11. Nc3 Bb4 12. O-O e3 13. fxe3 O-O 14. Rxf6 Qxf6
15. Nd5 Qd6 16. a3 Ba5 17. Qxa4 Be6 18. Qb5 Nc6 19. Nc4 Qd7 20. b4 Bxb4 21. Bb2
Ba5 22. Rd1 Kh8 23. a4 Rfd8 24. Ba3 Bc7 1/2-1/2

[Event "GBR-ch 108th"]
[Site "Torquay"]
[Date "2022.08.18"]
[Round "6.12"]
[White "Lane, Gary W"]
[Black "Price, Gwilym"]
[Result "1/2-1/2"]
[WhiteElo "2328"]
[BlackElo "2129"]
[PlyCount "60"]
[EventDate "2022.08.13"]
[EventType "swiss"]
[EventRounds "9"]
[EventCountry "GBR"]
[SourceTitle "BritBase"]
[Source "John Saunders"]
[SourceDate "2022.08.22"]
[SourceVersion "1"]
[SourceVersionDate "2022.08.22"]
[SourceQuality "2"]

1. e4 c5 2. Nf3 e6 3. d4 cxd4 4. Nxd4 Nf6 5. Nc3 Nc6 6. Ndb5 Bc5 7. Bf4 O-O 8.
Bc7 Qe7 9. Bd6 Bxd6 10. Qxd6 Qd8 11. O-O-O a6 12. Nd4 Ne7 13. h4 b5 14. h5 Ne8
15. Qh2 b4 16. Nce2 Bb7 17. f3 Qa5 18. Nb3 Qxa2 19. h6 g6 20. Rxd7 Rc8 21. Rxe7
Qxb3 22. Nc3 Rxc3 23. bxc3 Qa3+ 24. Kd1 Qa1+ 25. Ke2 Qxc3 26. Rxb7 Qxc2+ 27.
Ke1 Qc1+ 28. Kf2 Qc5+ 29. Kg3 Qg5+ 30. Kh3 Qh5+ 1/2-1/2

[Event "GBR-ch 108th"]
[Site "Torquay"]
[Date "2022.08.18"]
[Round "6.13"]
[White "Domenech, Vianney"]
[Black "Hebden, Mark L"]
[Result "1/2-1/2"]
[WhiteElo "2258"]
[BlackElo "2476"]
[PlyCount "118"]
[EventDate "2022.08.13"]
[EventType "swiss"]
[EventRounds "9"]
[EventCountry "GBR"]
[SourceTitle "BritBase"]
[Source "John Saunders"]
[SourceDate "2022.08.22"]
[SourceVersion "1"]
[SourceVersionDate "2022.08.22"]
[SourceQuality "2"]

1. d4 Nf6 2. Bf4 g6 3. Nc3 d5 4. e3 Bg7 5. h4 h5 6. Nf3 O-O 7. Nb5 Na6 8. Be2
c5 9. c3 Bd7 10. a4 c4 11. b3 cxb3 12. Qxb3 Bc6 13. O-O Ng4 14. Rfd1 Qd7 15. c4
dxc4 16. Bxc4 Bxf3 17. gxf3 Nf6 18. Kg2 Ne8 19. Rab1 b6 20. Rbc1 e6 21. Bg3 Rc8
22. Qb1 Nb8 23. d5 e5 24. d6 Rc5 25. a5 Nc6 26. axb6 axb6 27. Nc7 e4 28. fxe4
Ne5 29. Be2 Nxc7 30. Rxc5 bxc5 31. dxc7 Qxc7 32. Rd5 Qe7 33. Qb6 Rc8 34. Ba6
Nc4 35. Qb1 Na3 36. Qa2 Rc6 37. Bb5 Rf6 38. e5 Rb6 39. Rd7 Qe6 40. Qxa3 Rxb5
41. Qa8+ Kh7 42. Rd6 Qc4 43. e6 fxe6 44. Rd7 Rb1 45. Rxg7+ Kxg7 46. Be5+ Kf7
47. Qf3+ Ke8 48. Qc6+ Ke7 49. Bd6+ Kf7 50. Qf3+ Ke8 51. Qc6+ Kf7 52. Qf3+ Ke8
53. Qc6+ Kf7 54. Qd7+ Kf6 55. Qd8+ Kf5 56. Qg5+ Ke4 57. f3+ Kd3 58. Qxg6+ Kxe3
59. Qxb1 Qe2+ 1/2-1/2